Architectes - par images - Statistiques

Statistiques générales
  • Ce quiz a été pris 395 fois
  • Le résultat moyen est 4 sur 12
Statistiques - réponses
Par images Hint Réponse % Correct
La cité radieuse Le Corbusier
96%
La Sagrada Familia Antoni Gaudi
75%
Musée Guggenheim Frank Gehry
51%
Pyramide du Louvre Ieoh Ming Pei
48%
Viaduc de Millau Norman Foster
27%
Mucem Rudy Ricciotti
27%
Usine Fagus Walter Gropius
26%
The Shard Renzo Piano
25%
Morpheus Hotel Zaha Hadid
20%
Opéra de Sydney Jorn Utzon
19%
Philharmonie de l'Elbe Jacques Herzog / Pierre de Meuron
17%
Auditorium de Ravello Oscar Niemeyer
13%
Aucun quiz correspondant
Distribution des résultats
% des personnes avec chaque résultat
Percentile par nombre de réponses
Votre historique - résultats
Vous n’avez pas pris ce quiz